00286nam a2200121Ia 4500008004100000100001800041245003100059260001900090300000900109650002400118942000700142999001500149190216s9999||||xx |||||||||||||| ||und|| aNeil S Issacs 0aPhysical Organic Chemistry bLongmansc1987 a828p aChemistry-Chemistry cBK c2617d2617